Le Mans 24 Hours Winning Drivers - Statistics

General Stats
  • This quiz has been taken 116 times
    114 since last reset
  • The average score is 55 of 224
Answer Stats
Year Manufacturer Driver % Correct
2018 Toyota Alonso
87%
2019 Toyota Alonso
87%
Kobayashi
80%
Giovinazzi
73%
Buemi
72%
Buemi
72%
2020 Toyota Buemi
72%
2022 Toyota Buemi
72%
Hartley
71%
Hartley
71%
Hartley
71%
Kristensen
71%
Kristensen
71%
Kristensen
71%
Kristensen
71%
Kristensen
71%
Kristensen
71%
Kristensen
71%
Kristensen
71%
Kristensen
71%
1969 Ford Ickx
65%
Ickx
65%
1976 Porsche Ickx
65%
Ickx
65%
Ickx
65%
Ickx
65%
1972 Matra-Simca G. Hill
57%
P. Hill
57%
P. Hill
57%
P. Hill
57%
Nakajima
52%
Nakajima
52%
Nakajima
52%
Lotterer
51%
Lotterer
51%
Lotterer
51%
Hulkenberg
44%
Hirakawa
41%
Brabham
40%
2009 Peugeot Brabham
40%
Calado
40%
McNish
40%
McNish
40%
McNish
40%
Pescarolo
40%
Pescarolo
40%
Pescarolo
40%
1984 Porsche Pescarolo
40%
McLaren
39%
2023 Ferrari Pier Guidi
39%
1955 Jaguar Hawthorn
37%
2021 Toyota Conway
36%
1975 Mirage Bell
32%
1981 Porsche Bell
32%
1982 Porsche Bell
32%
1986 Porsche Bell
32%
1987 Porsche Bell
32%
Wurz
32%
Wurz
32%
1990 Jaguar Brundle
31%
Pirro
31%
Pirro
31%
Pirro
31%
Pirro
31%
Pirro
31%
Dalmas
29%
Dalmas
29%
1995 McLaren Dalmas
29%
1999 BMW Dalmas
29%
2011 Audi Fassler
29%
2012 Audi Fassler
29%
2014 Audi Fassler
29%
Lehto
29%
2005 Audi Lehto
29%
Lopez
29%
1989 Sauber Mercedes Mass
29%
Shelby
29%
1967 Ford Gurney
28%
1963 Ferrari Bandini
27%
2000 Audi Biela
27%
2001 Audi Biela
27%
2002 Audi Biela
27%
2006 Audi Biela
27%
2007 Audi Biela
27%
2010 Audi Dumas
27%
2016 Porsche Dumas
27%
Treluyer
27%
Treluyer
27%
Treluyer
27%
1991 Mazda Herbert
25%
1971 Porsche Marko
25%
Rockenfeller
25%
1997 TWR Porsche Alboreto
24%
1966 Ford Amon
24%
2015 Porsche Bamber
24%
2017 Porsche Bamber
24%
2013 Audi Duval
23%
Gené
23%
1965 Ferrari Rindt
23%
Bernhard
21%
Bernhard
21%
Foyt
21%
Jani
21%
Smith
21%
2003 Bentley Capello
19%
2004 Audi Capello
19%
2008 Audi Capello
19%
Tandy
19%
Johansson
17%
1968 Ford Rodriguez
17%
Bianchi
16%
1992 Peugeot Blundell
16%
1977 Porsche Haywood
16%
1983 Porsche Haywood
16%
Haywood
16%
1996 TWR Porsche Jones
16%
Nielsen
16%
Gachot
15%
Scarfiotti
15%
Stuck
15%
Stuck
15%
van Lennep
15%
van Lennep
15%
Warwick
15%
1998 Porsche Aiello
13%
1958 Ferrari Gendebien
13%
Gendebien
13%
1961 Ferrari Gendebien
13%
1962 Ferrari Gendebien
13%
Werner
13%
Werner
13%
Werner
13%
1970 Porsche Attwood
12%
Léonard
12%
Lieb
12%
1933 Alfa Romeo Nuvolari
12%
Oliver
12%
Pironi
12%
Reuter
12%
Reuter
12%
1959 Aston Martin Salvadori
12%
Vaccarella
12%
Winkelhock
12%
Ara
11%
1960 Ferrari Frère
11%
Gregory
11%
1923 Chenard & Walcker Lagache
11%
1980 Rondeau Rondeau
11%
Trintignant
11%
1928 Bentley Barnato
9%
1929 Bentley Barnato
9%
1930 Bentley Barnato
9%
1988 Jaguar Dumfries
9%
1954 Ferrari Froilan Gonzalez
9%
1950 Talbot Lago J.L. Rosier
9%
1973 Matra-Simca Larrousse
9%
1974 Matra-Simca Larrousse
9%
L. Rosier
9%
1979 Porsche Kremer Ludwig
9%
Ludwig
9%
Ludwig
9%
R.D. Whittington
9%
Sekiya
9%
Wallace
9%
Weidler
9%
W. Whittington
9%
1932 Alfa Romeo Chinetti
8%
1934 Alfa Romeo Chinetti
8%
1949 Ferrari Chinetti
8%
1953 Jaguar Hamilton
8%
Herrmann
8%
Martini
8%
1939 Bugatti Veyron
8%
Winter
8%
Cobb
7%
Helary
7%
Holbert
7%
Holbert
7%
Holbert
7%
1978 Alpine Renault Jaussaud
7%
Jaussaud
7%
Riess
7%
Sommer
7%
Sommer
7%
1985 Porsche Barilla
5%
Birkin
5%
1931 Alfa Romeo Birkin
5%
1926 Lorraine-Dietrich Bloch
5%
1993 Peugeot Bouchut
5%
Dickens
5%
Duff
5%
Étancelin
5%
1964 Ferrari Guichet
5%
Howe
5%
Lammers
5%
1952 Mercedes-Benz Lang
5%
Mitchell-Thomson
5%
Sanderson
5%
Schuppan
5%
1951 Jaguar Walker
5%
Whitehead
5%
1994 Dauer Porsche Baldi
4%
Bueb
4%
1957 Jaguar Bueb
4%
1924 Bentley Clement
4%
1956 Jaguar Flockhart
4%
Flockhart
4%
Ortelli
4%
Rossignol
4%
Rossignol
4%
Barth
3%
1927 Bentley Benjafield
3%
1937 Bugatti Benoist
3%
1938 Delahaye Chaboud
3%
Davis
3%
1935 Lagonda Fontés
3%
Hindmarsh
3%
Kidston
3%
Rolt
3%
Rubin
3%
Trémoulet
3%
Wimille
3%
Wimille
3%
1925 Lorraine-Dietrich de Courcelles
1%
No matching quizzes found
Score Distribution
Percent of People with Each Score
Percentile by Number Answered
Your Score History
You have not taken this quiz since the last reset